|
|
|
|
| LEADER |
00613cam a2200169 7i4500 |
| 001 |
0000002590 |
| 005 |
19991025090000.0 |
| 002 |
##000003819 |
| 020 |
0 |
0 |
|a T000003795
|
| 090 |
0 |
0 |
|a 641.337 2
|b TEA
|
| 245 |
0 |
0 |
|a Tea :
|b a survey of the Netherlands and other major markets in the European community.
|
| 260 |
0 |
0 |
|a Rotterdam:
|b CBI,
|c 1993.
|
| 300 |
0 |
0 |
|a 66p.
|
| 500 |
0 |
0 |
|a This book provides information on the product characteristics, the market, the trade structure, prices, market access and promotion of tea
|
| 650 |
0 |
0 |
|a Tea trade
|
| 651 |
0 |
0 |
|a Netherlands
|
| 999 |
|
|
|a 0000004330
|b Book
|c Open shelf
|e Business Information Centre
|